| 000 | 01134nam a22003857a 4500 | ||
|---|---|---|---|
| 001 | BR8006251 | ||
| 003 | BR-BrBNA | ||
| 005 | 20230928090801.0 | ||
| 007 | ta | ||
| 008 | 230509b bl.||||| |||| 00| 0 por d | ||
| 040 |
_aBR-BrBNA _bpor _cBiblioteca Nacional de Agricultura |
||
| 041 | _a(Por) | ||
| 072 |
_aE30; L00 _b5250 _b5240 _b/G514 |
||
| 090 | _ 5250 BR8006251 | ||
| 100 | 1 | _aGomes, E.M.A.P. | |
| 100 | 1 | _aPereira, A.L.C. | |
| 100 | 1 | _aMiranda, T.M.B.M. | |
| 100 | 1 | _aAlmeida, J.R.R. da | |
| 100 | 1 | _aSilva, E.C. da | |
| 100 | 1 | _aAlmeida, A.S.F. de | |
| 110 | 1 |
_aBanco de Desenvolvimento do Estado do Maranhao S.A., Sao Luis (Brasil) _91087 |
|
| 245 | 1 | _aPrograma de pecuaria de medio porte - PROPEP: Subprograma 1 - Caprino/ovinocultura [Maranhao, Brasil] | |
| 260 | 3 |
_aSao Luis, MA (Brasil): _c1980. |
|
| 300 | _a40 p. | ||
| 500 | _a21 tables | ||
| 650 | _aPROJETO DE DESENVOLVIMENTO | ||
| 650 | _aASSISTENCIA TECNICA | ||
| 650 | _aFINANCIAMENTO | ||
| 650 | _aCREDITO RURAL | ||
| 650 | _aCAPRINO | ||
| 650 | _aOVINO | ||
| 650 | _aMARANHAO | ||
| 909 |
_a202309 _bLucia _c55 _dLucia Elande |
||
| 942 | _cBK | ||
| 999 |
_c30512 _d30512 |
||